[Event "Women's Speed Chess Q5"]
[Site "chess.com INT"]
[Date "2021.06.04"]
[Round "2"]
[White "Varney, Zoe"]
[Black "Arpita, Mukherjee"]
[Result "0-1"]
[WhiteTitle "WCM"]
[BlackTitle "WIM"]
[WhiteElo "1917"]
[BlackElo "2206"]
[WhiteFideId "436135"]
[BlackFideId "5056403"]
[EventDate "2021.06.04"]

1. e4 c5 2. Nf3 d6 3. d4 cxd4 4. Nxd4 Nf6 5. Nc3 a6 6. Be3 e5 7. Nb3 Be7 8. f3
Be6 9. Qd2 h5 10. O-O-O Nbd7 11. Kb1 Rc8 12. Nd5 Nxd5 13. exd5 Bf5 14. Bd3 Bxd3
15. Qxd3 Bg5 16. Bf2 b5 17. h4 Bf4 18. g3 Bh6 19. g4 Bf4 20. Rdg1 g6 21. Nd2
hxg4 22. Rxg4 Bxd2 23. Qxd2 Nf6 24. Rg2 Rc4 25. Re1 Qa8 26. Qg5 Nd7 27. Qd2 Rh5
28. f4 Kf8 29. fxe5 Nxe5 30. Bg3 Nf3 31. Bxd6+ Kg7 32. Qe2 Qxd5 33. Rf1 Re4 0-1

[Event "Women's Speed Chess Q5"]
[Site "chess.com INT"]
[Date "2021.06.04"]
[Round "2"]
[White "Campos, Maria Jose"]
[Black "Tarasova, Viktoriya"]
[Result "1/2-1/2"]
[WhiteTitle "WFM"]
[BlackTitle "WIM"]
[WhiteElo "2133"]
[BlackElo "2226"]
[WhiteFideId "146803"]
[BlackFideId "4175840"]
[EventDate "2021.06.04"]

1. c4 Nf6 2. g3 e5 3. Bg2 d5 4. cxd5 Nxd5 5. Nc3 Be6 6. Nf3 Nc6 7. O-O Be7 8. d4
Nxc3 9. bxc3 exd4 10. cxd4 O-O 11. e4 Na5 12. Bf4 c6 13. Re1 Bb4 14. Bd2 Bxd2
15. Qxd2 Nc4 16. Qc3 Qa5 17. Qxa5 Nxa5 18. Ne5 f6 19. Nd3 Rfd8 20. Nc5 Bf7 21.
d5 b6 22. Nb3 cxd5 23. Nxa5 bxa5 24. exd5 Bxd5 25. Bxd5+ Rxd5 26. Re7 Kf8 27.
Rc7 Rad8 28. Rac1 Rd1+ 29. Rxd1 Rxd1+ 30. Kg2 Rd2 31. a4 Rd4 32. Rxa7 Rxa4 33.
h4 Ra1 34. f4 a4 35. f5 a3 36. h5 a2 37. g4 Ke8 38. Kh2 Kd8 39. Kg2 Kc8 40. Kh2
Kb8 41. Ra3 Kb7 42. Kg2 Kb6 43. Ra8 Kc5 44. Rc8+ Kd4 45. Rd8+ Ke4 46. Ra8 Kf4
47. Ra4+ Kg5 48. Kh2 Rf1 49. Rxa2 Kxg4 50. Rg2+ Kxh5 51. Rxg7 Rxf5 52. Rxh7+ Kg4
53. Kg2 Ra5 54. Rg7+ Kf4 55. Re7 Ra2+ 56. Kf1 f5 57. Rb7 Kg4 58. Rb4+ f4 59. Rb3
f3 60. Rb8 Ra5 61. Rg8+ Rg5 62. Rxg5+ Kxg5 63. Kf2 Kf4 64. Kf1 Kg3 65. Kg1 Kg4
66. Kf2 Kf4 67. Kf1 Ke4 68. Kf2 Kf4 1/2-1/2

[Event "Women's Speed Chess Q5"]
[Site "chess.com INT"]
[Date "2021.06.04"]
[Round "2"]
[White "Nguyen, Hong Anh"]
[Black "Frayna, Janelle Mae"]
[Result "1-0"]
[WhiteTitle "WIM"]
[BlackTitle "WGM"]
[WhiteElo "1993"]
[BlackElo "2179"]
[WhiteFideId "12406732"]
[BlackFideId "5212499"]
[EventDate "2021.06.04"]

1. d4 Nf6 2. c4 g6 3. Nf3 Bg7 4. g3 O-O 5. Bg2 c6 6. O-O d5 7. cxd5 cxd5 8. Nc3
Ne4 9. Qb3 Nxc3 10. bxc3 Nc6 11. Nd2 e6 12. Ba3 Re8 13. e4 Na5 14. Qc2 b6 15.
Rfe1 Bb7 16. Bb4 Rc8 17. Bxa5 bxa5 18. Qb3 Rb8 19. Qc2 Rc8 20. Rab1 Qc7 21. Nb3
dxe4 22. Nc5 Bd5 23. Bxe4 Bxe4 24. Qxe4 e5 25. Rb7 Qd8 26. Qf3 f5 27. Rd7 Qf6
28. Qd5+ Kh8 29. dxe5 Qg5 30. Qf7 Qh6 31. Ne6 Rg8 32. h4 Rxc3 33. Ng5 Qh5 34. e6
Qg4 35. Kg2 h6 36. Qxg8+ Kxg8 37. Rd8+ Bf8 38. e7 1-0

[Event "Women's Speed Chess Q5"]
[Site "chess.com INT"]
[Date "2021.06.04"]
[Round "2"]
[White "Zaichenko, Daria"]
[Black "Petrova, Irina"]
[Result "1/2-1/2"]
[WhiteTitle "WFM"]
[BlackTitle "WIM"]
[WhiteElo "2104"]
[BlackElo "2110"]
[WhiteFideId "4197453"]
[BlackFideId "14124122"]
[EventDate "2021.06.04"]

1. e4 d6 2. d4 Nf6 3. Nc3 e5 4. d5 Be7 5. g3 O-O 6. Bg2 c6 7. Nge2 Nbd7 8. O-O
a5 9. a4 Nc5 10. Be3 cxd5 11. Bxc5 dxc5 12. exd5 Bf5 13. f4 exf4 14. Nxf4 Bd6
15. Nb5 Bg4 16. Qd3 Re8 17. Rae1 Rxe1 18. Rxe1 Bxf4 19. gxf4 Qd7 20. c4 Re8 21.
Rxe8+ Qxe8 22. Kf1 Bd7 23. Qe2 Bxb5 24. axb5 Qxe2+ 25. Kxe2 Kf8 26. b3 Ke7 27.
d6+ Kxd6 28. Bxb7 Nd7 29. Bd5 f6 30. Ke3 Nb6 31. Bg8 h6 32. h4 a4 33. bxa4 Nxa4
34. h5 Nb6 35. Ke4 Nc8 36. f5 Nb6 37. Be6 Na4 38. Kd3 Ke5 39. Ke3 Nb6 40. Kf3
Kd4 41. Kf4 Na4 42. Bf7 Nb6 43. Be6 Kd3 44. Bf7 Ke2 45. Ke4 Kf2 46. Kf4 Kg2 47.
Kg4 Kf2 48. Kf4 Ke2 49. Ke4 Kd2 50. Bg8 Kc3 51. Bf7 Kb4 52. Be6 Kc3 53. Bf7 Kd2
54. Be6 Kc3 55. Bf7 1/2-1/2

[Event "Women's Speed Chess Q5"]
[Site "chess.com INT"]
[Date "2021.06.04"]
[Round "2"]
[White "Dong, Khanh Linh"]
[Black "Obregon Garcia, Roxangel"]
[Result "1-0"]
[WhiteTitle "WCM"]
[BlackTitle "WIM"]
[WhiteElo "1970"]
[BlackElo "2167"]
[WhiteFideId "12403040"]
[BlackFideId "3520420"]
[EventDate "2021.06.04"]

1. e4 c5 2. Nf3 Nc6 3. d4 cxd4 4. Nxd4 Nf6 5. Nc3 e6 6. Be3 Bb4 7. f3 d5 8. Bb5
Bd7 9. Bxc6 Bxc6 10. e5 Nd7 11. f4 Qe7 12. O-O Bxc3 13. bxc3 O-O 14. Qg4 f5 15.
exf6 Rxf6 16. f5 e5 17. Ne6 h6 18. Rae1 b6 19. Bf2 Re8 20. Bh4 g5 21. Bxg5 hxg5
22. Qxg5+ Kh7 23. Re3 Rh6 24. Qxh6+ Kxh6 25. Rh3+ 1-0

[Event "Women's Speed Chess Q5"]
[Site "chess.com INT"]
[Date "2021.06.04"]
[Round "2"]
[White "Sedina, Elena"]
[Black "Batsiashvili, Nino"]
[Result "0-1"]
[WhiteTitle "IM"]
[BlackTitle "GM"]
[WhiteElo "2294"]
[BlackElo "2491"]
[WhiteFideId "812153"]
[BlackFideId "13602993"]
[EventDate "2021.06.04"]

1. e4 c6 2. c4 d5 3. exd5 cxd5 4. cxd5 Nf6 5. Nc3 g6 6. Nf3 Bg7 7. Bc4 O-O 8.
O-O Nbd7 9. Re1 Nb6 10. Bb3 Nbxd5 11. d4 b6 12. Ne5 Bb7 13. Qf3 Rc8 14. Qh3 e6
15. Bg5 Qd6 16. Qh4 a6 17. Rad1 b5 18. Rd3 Nxc3 19. bxc3 Nd5 20. c4 bxc4 21.
Nxc4 Qb4 22. Bd2 Qb5 23. Rh3 h5 24. Nd6 Qc6 25. Nxc8 Rxc8 26. Rg3 Qb6 27. Be3
Qb4 28. Rf1 a5 29. Bd1 Ba6 30. a3 Qc4 31. Re1 Qc3 32. Re2 Bxe2 33. Bxe2 Qa1+ 34.
Bf1 Nc3 35. f3 Ne2+ 36. Kf2 Nxd4 37. Bd3 Qb2+ 38. Ke1 Nc2+ 39. Bxc2 Qxc2 40. Qe7
Qb1+ 41. Ke2 Rc2+ 0-1

[Event "Women's Speed Chess Q5"]
[Site "chess.com INT"]
[Date "2021.06.04"]
[Round "2"]
[White "Singgih, Diajeng Theresa"]
[Black "Pavlidou, Ekaterini"]
[Result "0-1"]
[WhiteTitle "WFM"]
[BlackTitle "WIM"]
[WhiteElo "1972"]
[BlackElo "2157"]
[WhiteFideId "7104391"]
[BlackFideId "4213262"]
[EventDate "2021.06.04"]

1. e4 c5 2. Nf3 Nc6 3. Nc3 Nf6 4. Bb5 Qc7 5. O-O a6 6. Bxc6 dxc6 7. Re1 e5 8. d3
h6 9. Be3 Bd6 10. Ne2 Bg4 11. Nd2 g5 12. f3 Be6 13. Ng3 O-O-O 14. a4 g4 15. a5
gxf3 16. Nxf3 Ng4 17. Nh4 Rdg8 18. Nhf5 h5 19. Nxd6+ Qxd6 20. Rb1 h4 21. Nf1 f5
22. b4 Nxe3 23. Nxe3 f4 24. Nc4 Qd4+ 25. Kh1 Bxc4 26. dxc4 Qxc4 27. bxc5 Qxc5
28. Qd3 Qxa5 29. Qb3 Qc7 30. Red1 Rd8 31. Rf1 Rd6 32. Qh3+ Qd7 33. Qc3 Rd4 34.
Qc5 Qc7 35. Rf2 Rhd8 36. Rff1 Rxe4 37. Qa7 Red4 38. h3 Rd2 39. Kh2 Rg8 40. Rg1
f3 41. Qe3 e4+ 42. Kh1 fxg2+ 43. Rxg2 Rdxg2 0-1

[Event "Women's Speed Chess Q5"]
[Site "chess.com INT"]
[Date "2021.06.04"]
[Round "2"]
[White "Agrest, Inna"]
[Black "Buksa, Nataliya"]
[Result "0-1"]
[WhiteTitle "WIM"]
[BlackTitle "IM"]
[WhiteElo "2285"]
[BlackElo "2413"]
[WhiteFideId "1708830"]
[BlackFideId "14123622"]
[EventDate "2021.06.04"]

1. e4 c5 2. Nf3 Nc6 3. d4 cxd4 4. Nxd4 Nf6 5. Nc3 e5 6. Ndb5 d6 7. Bg5 a6 8. Na3
b5 9. Bxf6 gxf6 10. Nd5 f5 11. Bxb5 axb5 12. Nxb5 Ra4 13. b4 Nxb4 14. Ndc7+ Kd7
15. c3 Nc2+ 16. Qxc2 Rxe4+ 17. Kf1 Rg8 18. f3 Rf4 19. Rd1 Bb7 20. Nd5 Bxd5 21.
Rxd5 Qg5 22. Qf2 Kc6 23. g3 Kxd5 24. gxf4 Qxf4 25. Qe2 Be7 26. Qd3+ Ke6 27. Nc7+
Kd7 28. Nd5 Qc1+ 29. Kf2 Bh4+ 30. Ke2 Rg2# 0-1

[Event "Women's Speed Chess Q5"]
[Site "chess.com INT"]
[Date "2021.06.04"]
[Round "2"]
[White "Rakshitta, Ravi"]
[Black "Soumya, Swaminathan"]
[Result "1-0"]
[WhiteTitle "WIM"]
[BlackTitle "IM"]
[WhiteElo "2190"]
[BlackElo "2351"]
[WhiteFideId "25073230"]
[BlackFideId "5016193"]
[EventDate "2021.06.04"]

1. e4 c5 2. Nf3 Nc6 3. Nc3 d6 4. d4 cxd4 5. Nxd4 Nf6 6. g3 g6 7. Bg2 Bd7 8. O-O
Bg7 9. Nxc6 bxc6 10. a4 a5 11. Re1 Qb6 12. e5 dxe5 13. b3 O-O 14. Bb2 Rad8 15.
Qe2 Bf5 16. Ne4 Nxe4 17. Bxe4 Bxe4 18. Qxe4 Rd2 19. Re2 Rxe2 20. Qxe2 Qc5 21.
Rd1 f5 22. Rd7 e4 23. Bxg7 Kxg7 24. Qd2 Rf7 25. h4 h6 26. Rd4 Qe5 27. Rc4 c5 28.
Qxa5 e3 29. Qe1 exf2+ 30. Qxf2 Qa1+ 31. Kg2 g5 32. hxg5 hxg5 33. Qxc5 Kg6 34.
Qd5 Qe1 35. Rc6+ Kg7 36. Re6 1-0

[Event "Women's Speed Chess Q5"]
[Site "chess.com INT"]
[Date "2021.06.04"]
[Round "2"]
[White "Tokhirjonova, Gulrukhbegim"]
[Black "Tomilova, Elena"]
[Result "0-1"]
[WhiteTitle "WGM"]
[BlackTitle "WGM"]
[WhiteElo "2344"]
[BlackElo "2353"]
[WhiteFideId "14203626"]
[BlackFideId "4162340"]
[EventDate "2021.06.04"]

1. e4 e6 2. d4 d5 3. e5 c5 4. c3 Nc6 5. Nf3 Qb6 6. Be2 f6 7. O-O fxe5 8. dxe5 g6
9. c4 d4 10. b3 Bg7 11. Bf4 Nge7 12. Nbd2 O-O 13. Bg3 Nf5 14. Bf4 h6 15. h4 Qd8
16. g3 d3 17. Ne4 dxe2 18. Qxe2 Nfd4 19. Nxd4 Nxd4 20. Qg4 Kh7 21. Nxc5 b6 22.
Ne4 Bb7 23. Rfe1 Qc7 24. Rad1 Rad8 25. Rd3 Nc2 26. Rxd8 Rxd8 27. Re2 Rd1+ 28.
Kh2 Nd4 29. Re3 Rf1 30. Qh3 Ra1 31. Qg2 Rxa2 32. Rd3 Nf5 33. Nf6+ Kh8 34. Qf1
Bxf6 35. exf6 Qc6 36. g4 Rxf2+ 0-1

[Event "Women's Speed Chess Q5"]
[Site "chess.com INT"]
[Date "2021.06.04"]
[Round "2"]
[White "Gaponenko, Inna"]
[Black "Bodnaruk, Anastasia"]
[Result "0-1"]
[WhiteTitle "IM"]
[BlackTitle "IM"]
[WhiteElo "2357"]
[BlackElo "2446"]
[WhiteFideId "14101181"]
[BlackFideId "4181751"]
[EventDate "2021.06.04"]

1. e4 c5 2. c3 Nf6 3. e5 Nd5 4. Bc4 Nb6 5. Bb3 c4 6. Bc2 Nc6 7. Nf3 Qc7 8. Qe2
g5 9. h3 Bg7 10. Nxg5 Qxe5 11. d4 cxd3 12. Bxd3 Qxe2+ 13. Bxe2 d5 14. Na3 Bf5
15. Nb5 O-O 16. Be3 Nc4 17. Bxc4 dxc4 18. Nf3 Be4 19. Nd2 Bd3 20. O-O-O a6 21.
Na3 b5 22. Nc2 Rfd8 23. Nf3 e5 24. Rd2 a5 25. Nfe1 b4 26. f3 bxc3 27. bxc3 e4
28. Nd4 Nxd4 29. cxd4 c3 30. Rf2 Bxd4 31. Bxd4 Rxd4 32. fxe4 Bxe4 33. Nc2 Ra4
34. Re1 Rb8 35. Re3 Rc8 36. a3 f5 37. g4 f4 38. Re1 Rb8 0-1

[Event "Women's Speed Chess Q5"]
[Site "chess.com INT"]
[Date "2021.06.04"]
[Round "2"]
[White "Dauletova, Gulmira"]
[Black "Kulkarni, Bhakti"]
[Result "0-1"]
[WhiteTitle "WGM"]
[BlackTitle "IM"]
[WhiteElo "2257"]
[BlackElo "2391"]
[WhiteFideId "13702971"]
[BlackFideId "5019516"]
[EventDate "2021.06.04"]

1. e4 d5 2. exd5 Nf6 3. c4 e6 4. Nc3 exd5 5. d4 Bb4 6. Qa4+ Nc6 7. Nf3 O-O 8.
Be2 Ne4 9. Qc2 Bf5 10. Qb3 Re8 11. Be3 a5 12. a4 dxc4 13. Bxc4 Qd7 14. O-O Nd6
15. d5 Nxc4 16. Qxc4 Ne5 17. Nxe5 Rxe5 18. Rfd1 Rae8 19. Bd4 R5e7 20. Bc5 Bxc5
21. Qxc5 b6 22. Qb5 Qd6 23. h3 h5 24. Qc6 Qf4 25. d6 Re6 26. Qxc7 Bxh3 27. Qc6
Bxg2 28. Qxg2 Rg6 29. d7 Rxg2+ 30. Kxg2 Qg4+ 31. Kf1 Rd8 32. Nb5 Rxd7 33. Rxd7
Qxd7 34. Re1 h4 35. Kg2 Qg4+ 36. Kh2 Qf4+ 37. Kg2 Qxa4 38. Nc3 Qg4+ 39. Kh2 Qf3
40. Kg1 h3 41. Kf1 h2 42. Re8+ Kh7 43. Ke1 0-1

[Event "Women's Speed Chess Q5"]
[Site "chess.com INT"]
[Date "2021.06.04"]
[Round "2"]
[White "Papp, Petra"]
[Black "Morris-Suzuki, Sophie"]
[Result "1-0"]
[WhiteTitle "WGM"]
[BlackTitle "WFM"]
[WhiteElo "2336"]
[BlackElo "2043"]
[WhiteFideId "739049"]
[BlackFideId "30922615"]
[EventDate "2021.06.04"]

1. e4 c5 2. Nf3 e6 3. d3 b6 4. g3 Bb7 5. Bg2 Nf6 6. O-O Be7 7. Nbd2 d5 8. e5
Nfd7 9. c3 Nc6 10. Re1 Rc8 11. Qe2 Qc7 12. Nf1 b5 13. Bf4 b4 14. h4 a5 15. N1h2
a4 16. a3 d4 17. c4 Nb6 18. h5 Na5 19. Ng4 h6 20. Rad1 Bc6 21. axb4 cxb4 22.
Nxd4 Bxg2 23. Kxg2 Qb7+ 24. Nf3 O-O 25. Kg1 Rfd8 26. Nd2 Nc6 27. Qf3 Qd7 28. Ne4
Nd4 29. Qg2 b3 30. Bxh6 Qc6 31. Be3 Bb4 32. Rf1 Nc2 33. h6 g6 34. Ngf6+ Kh8 35.
Qf3 Rc7 36. Ng4 Bf8 37. Qf6+ Kg8 38. Qxd8 Rc8 39. Qf6 Nd7 40. h7+ Kxh7 41. Ng5+
Kg8 42. Qxf7+ Kh8 43. Qh7# 1-0

[Event "Women's Speed Chess Q5"]
[Site "chess.com INT"]
[Date "2021.06.04"]
[Round "2"]
[White "Bivol, Alina"]
[Black "Head, Louise"]
[Result "1-0"]
[WhiteTitle "WGM"]
[BlackTitle "WFM"]
[WhiteElo "2374"]
[BlackElo "2090"]
[WhiteFideId "4100123"]
[BlackFideId "424773"]
[EventDate "2021.06.04"]

1. Nf3 d5 2. b3 Nf6 3. Bb2 Bf5 4. g3 e6 5. Bg2 c6 6. d3 Nbd7 7. Nbd2 h6 8. O-O
Bc5 9. Ne5 O-O 10. e4 Bh7 11. Qe2 dxe4 12. dxe4 Nxe5 13. Bxe5 Bd4 14. Bxd4 Qxd4
15. Rad1 Qc5 16. Nc4 Rad8 17. h3 Rfe8 18. Rfe1 a5 19. a4 e5 20. Rxd8 Rxd8 21.
Qe3 Qxe3 22. Rxe3 Rd1+ 23. Kh2 Rc1 24. Re2 Nd7 25. Nxa5 Nc5 26. h4 Kf8 27. Nc4
f6 28. Nb6 Ke7 29. f3 Ne6 30. c4 Nd4 31. Rd2 Rb1 32. Nc8+ Kd7 33. Bh3+ Kc7 34.
Kg2 Rxb3 35. f4 f5 36. fxe5 Kxc8 37. Rxd4 Kc7 38. exf5 Rb2+ 39. Kf3 Ra2 40. e6
Ra3+ 41. Kf4 Ra1 42. Rd7+ Kc8 43. Rxg7 1-0

[Event "Women's Speed Chess Q5"]
[Site "chess.com INT"]
[Date "2021.06.04"]
[Round "2"]
[White "Chitlange, Sakshi"]
[Black "Komiagina, Maria"]
[Result "1-0"]
[WhiteTitle "WIM"]
[BlackTitle "WIM"]
[WhiteElo "2167"]
[BlackElo "2241"]
[WhiteFideId "35002899"]
[BlackFideId "4153987"]
[EventDate "2021.06.04"]

1. d4 Nf6 2. c4 e6 3. g3 Bb4+ 4. Nd2 d5 5. Bg2 O-O 6. Nf3 a6 7. Qc2 Nc6 8. O-O
dxc4 9. Qxc4 Be7 10. Rd1 Nd5 11. a3 Bd7 12. Nb3 Nb6 13. Qc2 Na4 14. Bf4 Qc8 15.
Rac1 Bf6 16. Nc5 Nxc5 17. Qxc5 Rd8 18. e4 Be8 19. d5 exd5 20. exd5 Bxb2 21. Rb1
b6 22. Qc2 Bxa3 23. dxc6 Rxd1+ 24. Rxd1 h6 25. Nd4 Bc5 26. Nb3 Bf8 27. Be4 Qe6
28. Bd5 Qh3 29. Bxc7 Rc8 30. Bxb6 Bb4 31. c7 Qg4 32. Bb7 1-0

[Event "Women's Speed Chess Q5"]
[Site "chess.com INT"]
[Date "2021.06.04"]
[Round "2"]
[White "Perez Rodriguez, Jennifer"]
[Black "Dzagnidze, Nana"]
[Result "0-1"]
[WhiteTitle "WIM"]
[BlackTitle "GM"]
[WhiteElo "2251"]
[BlackElo "2524"]
[WhiteFideId "3507831"]
[BlackFideId "13601903"]
[EventDate "2021.06.04"]

1. e4 c5 2. c3 Nf6 3. e5 Nd5 4. Nf3 e6 5. Bc4 Nc6 6. O-O Nb6 7. Bb3 d6 8. exd6
Bxd6 9. d4 cxd4 10. Nxd4 O-O 11. Nxc6 bxc6 12. Nd2 c5 13. Nf3 Bb7 14. Bc2 h6 15.
Qd3 f5 16. Re1 Qc7 17. Rxe6 Rad8 18. Qe2 Bd5 19. Re3 c4 20. Nd4 Bxh2+ 21. Kh1 f4
22. Re7 Qd6 23. Rxg7+ Kxg7 24. Nf5+ Rxf5 25. Bxf5 f3 26. gxf3 Rf8 27. Be4 Qe5
28. Bd2 Qh5 29. Kg2 Kh8 30. Rh1 Rg8+ 31. Kf1 Qh3+ 32. Ke1 Qg2 33. Rf1 Re8 34.
Qe3 Bxe4 35. Qxh6+ Bh7+ 36. Be3 Be5 37. Rh1 Qg7 38. Qh5 Re7 39. Kf1 Kg8 40. Rg1
Bd3+ 41. Ke1 Qxg1+ 0-1

[Event "Women's Speed Chess Q5"]
[Site "chess.com INT"]
[Date "2021.06.04"]
[Round "2"]
[White "Khalafova, Narmin"]
[Black "Tsolakidou, Stavroula"]
[Result "0-1"]
[WhiteTitle "WGM"]
[BlackTitle "IM"]
[WhiteElo "2279"]
[BlackElo "2379"]
[WhiteFideId "13402625"]
[BlackFideId "4264312"]
[EventDate "2021.06.04"]

1. e4 c5 2. Be2 Nc6 3. f4 d6 4. Nf3 Nf6 5. d3 g6 6. O-O Bg7 7. Qe1 b6 8. Qh4 Bb7
9. Nc3 Qd7 10. e5 dxe5 11. fxe5 Nd5 12. e6 Qxe6 13. Ng5 Qd7 14. Rxf7 Bd4+ 15.
Kh1 Ne5 16. Rxh7 Rxh7 17. Qxh7 O-O-O 18. Nce4 Nf6 19. Qh4 Nxe4 20. Nxe4 Nf7 21.
Bg4 e6 22. Qh3 Bd5 23. c4 Rh8 24. cxd5 Rxh3 25. Bxe6 Rxd3 26. Bg5 Kc7 27. Bxd7
Kxd7 28. Rf1 Nxg5 29. Nxg5 Bxb2 30. Rf7+ Ke8 31. Rf1 Rxd5 32. Ne6 Ke7 33. Nc7
Rd7 34. Nb5 a6 35. Re1+ Kf7 36. Rf1+ Kg7 37. g3 axb5 38. Rb1 Rd2 0-1

[Event "Women's Speed Chess Q5"]
[Site "chess.com INT"]
[Date "2021.06.04"]
[Round "2"]
[White "Varshini, V"]
[Black "Eswaran, Aksithi"]
[Result "1-0"]
[WhiteTitle "WGM"]
[BlackTitle "WCM"]
[WhiteElo "2226"]
[BlackElo "1745"]
[WhiteFideId "5091241"]
[BlackFideId "2083485"]
[EventDate "2021.06.04"]

1. e4 c5 2. Nc3 Nc6 3. Nge2 Nf6 4. g3 d6 5. Bg2 Bd7 6. O-O g6 7. d3 Bg7 8. h3
O-O 9. f4 a6 10. g4 b5 11. g5 Nh5 12. Kh2 Rc8 13. Bf3 b4 14. Nd5 e6 15. Ne3 e5
16. Bxh5 gxh5 17. Nf5 Bxf5 18. exf5 f6 19. h4 Ne7 20. Ng3 Qd7 21. fxe5 dxe5 22.
Qxh5 Qe8 23. Qxe8 Rcxe8 24. Ne4 Rc8 25. b3 Nd5 26. Bd2 fxg5 27. hxg5 Bh8 28. a3
a5 29. axb4 cxb4 30. Rxa5 Nb6 31. Rb5 Nd7 32. Rb7 Nc5 33. Nxc5 Rxc5 34. Bxb4
Rxc2+ 35. Kg3 Rfc8 36. f6 Bxf6 37. gxf6 1-0

[Event "Women's Speed Chess Q5"]
[Site "chess.com INT"]
[Date "2021.06.04"]
[Round "2"]
[White "Mohota, Nisha"]
[Black "Farhat Willemstein, Stela Souza"]
[Result "0-1"]
[WhiteTitle "IM"]
[BlackTitle "WFM"]
[WhiteElo "2195"]
[BlackElo "1758"]
[WhiteFideId "5004330"]
[BlackFideId "2109808"]
[EventDate "2021.06.04"]

1. b3 g6 2. Bb2 Nf6 3. Nf3 Bg7 4. g3 O-O 5. Bg2 d6 6. d4 c5 7. c4 d5 8. O-O dxc4
9. dxc5 Qc7 10. b4 Nc6 11. a3 a5 12. Qc2 axb4 13. Qxc4 Na5 14. Qxb4 Nd5 15. Qd2
Nc4 16. Qxd5 Bxb2 17. Ra2 Be6 18. Qe4 Qxc5 19. Qc2 Bf6 20. Nbd2 Rfc8 21. Ne4 Qa5
22. Nxf6+ exf6 23. Qd3 Rd8 24. Qb1 Nxa3 25. Rxa3 Qxa3 26. Qxb7 Qc3 27. e3 Bd5
28. Qe7 Bxf3 29. Bxf3 Qe5 30. Qb7 Rab8 31. Qc6 Rbc8 0-1

[Event "Women's Speed Chess Q5"]
[Site "chess.com INT"]
[Date "2021.06.04"]
[Round "2"]
[White "Nandhidhaa, P V"]
[Black "Babiy, Olga"]
[Result "0-1"]
[WhiteTitle "WGM"]
[BlackTitle "WGM"]
[WhiteElo "2365"]
[BlackElo "2280"]
[WhiteFideId "5050847"]
[BlackFideId "14117258"]
[EventDate "2021.06.04"]

1. e4 c6 2. Nc3 d5 3. Nf3 dxe4 4. Nxe4 Nf6 5. Qe2 Nxe4 6. Qxe4 Qa5 7. Bc4 Bf5 8.
Qf4 e6 9. O-O Nd7 10. c3 Be7 11. d4 Qd8 12. Qg3 O-O 13. Bf4 b5 14. Bb3 a5 15.
Ne5 Nxe5 16. Bxe5 Bf6 17. a3 Bxe5 18. Qxe5 Qb6 19. Rfe1 b4 20. axb4 axb4 21. c4
Bg6 22. h4 h5 23. d5 cxd5 24. cxd5 exd5 25. Bxd5 Rxa1 26. Rxa1 Rd8 27. Bf3 Rd2
28. Ra8+ Kh7 29. Qe1 Rxb2 30. Be4 Qe6 31. Bxg6+ Qxg6 32. Qe8 Rb1+ 33. Kh2 Qd6+
34. g3 Qd5 35. Qh8+ Kg6 36. Ra6+ f6 37. Qe8+ Kh7 38. f3 Qd2+ 39. Kh3 Rh1# 0-1

[Event "Women's Speed Chess Q5"]
[Site "chess.com INT"]
[Date "2021.06.04"]
[Round "2"]
[White "Starosta, Martyna"]
[Black "Koridze, Lile"]
[Result "1/2-1/2"]
[WhiteTitle "WCM"]
[BlackTitle "WFM"]
[WhiteElo "1910"]
[BlackElo "2016"]
[WhiteFideId "21818754"]
[BlackFideId "13612514"]
[EventDate "2021.06.04"]

1. e4 c5 2. Nf3 d6 3. d4 cxd4 4. Nxd4 Nf6 5. Nc3 Nc6 6. Bc4 e6 7. Be3 a6 8. Qe2
Be7 9. f4 Qc7 10. Bd3 Bd7 11. O-O-O b5 12. g4 b4 13. Nb1 e5 14. Nf5 Bxf5 15.
gxf5 exf4 16. Bxf4 Ne5 17. Bxe5 dxe5 18. Rhg1 O-O 19. Qg2 g6 20. Nd2 Bc5 21.
Rgf1 Be3 22. fxg6 fxg6 23. Kb1 Bxd2 24. Rxd2 Nh5 25. Rdf2 Nf4 26. Qg5 Qd6 27.
Rf3 Kg7 28. h4 Ne6 29. Qg4 Nd4 30. Rxf8 Rxf8 31. Rxf8 Qxf8 32. c3 bxc3 33. bxc3
Qa3 34. Qd7+ Kh6 35. Qc8 Nf3 36. h5 Nd2+ 37. Kc2 Qxa2+ 38. Kd1 Nb3 39. Qf8+ Kxh5
40. Be2+ Kg5 41. Qe7+ Kh6 42. Qh4+ Kg7 43. Qe7+ Kh6 44. Qh4+ Kg7 45. Qe7+ Kh6 1/2-1/2

[Event "Women's Speed Chess Q5"]
[Site "chess.com INT"]
[Date "2021.06.04"]
[Round "2"]
[White "Nurmanova, Alua"]
[Black "Daulyte-Cornette, Deimante"]
[Result "1/2-1/2"]
[WhiteTitle "WFM"]
[BlackTitle "IM"]
[WhiteElo "2093"]
[BlackElo "2394"]
[WhiteFideId "13729390"]
[BlackFideId "12802859"]
[EventDate "2021.06.04"]

1. e4 Nf6 2. e5 Nd5 3. d4 d6 4. Nf3 dxe5 5. Nxe5 c6 6. Bc4 Bf5 7. O-O Nd7 8. Nf3
e6 9. Bb3 Bd6 10. c4 Nf4 11. Nc3 O-O 12. Bc2 Bg4 13. Ne4 Bc7 14. h3 Bf5 15. Ng3
Bxc2 16. Qxc2 Qf6 17. Bxf4 Qxf4 18. Rfe1 Nf6 19. Rad1 Rad8 20. Qc3 h5 21. Rd3 h4
22. Ne2 Qh6 23. Ne5 Ne4 24. Qc2 Bxe5 25. dxe5 Nc5 26. Rxd8 Rxd8 27. Rd1 Qg5 28.
f4 Qe7 29. Nc3 f6 30. Qg6 Rxd1+ 31. Nxd1 fxe5 32. fxe5 Nd7 33. Qh5 Qc5+ 34. Kh1
Qxe5 35. Qxh4 Qe2 36. Nf2 Qf1+ 37. Kh2 Nf6 38. Ne4 Nxe4 39. Qxe4 Qf2 40. Qxe6+
Kh7 41. Qe4+ Kg8 42. Qe8+ Kh7 43. Qh5+ Kg8 44. Qe8+ Kh7 45. Qh5+ Kg8 46. Qe8+ 1/2-1/2

[Event "Women's Speed Chess Q5"]
[Site "chess.com INT"]
[Date "2021.06.04"]
[Round "2"]
[White "Ziegenfuss, Antonia"]
[Black "Balabayeva, Xeniya"]
[Result "0-1"]
[WhiteTitle "WFM"]
[BlackTitle "WFM"]
[WhiteElo "2157"]
[BlackElo "2116"]
[WhiteFideId "12962554"]
[BlackFideId "13719688"]
[EventDate "2021.06.04"]

1. d4 d5 2. c4 e6 3. Nc3 Nf6 4. cxd5 exd5 5. Bg5 Be7 6. e3 O-O 7. Bd3 h6 8. Bh4
b6 9. Nge2 Bb7 10. Qc2 c5 11. f3 Nbd7 12. O-O Rc8 13. Rae1 a6 14. h3 b5 15. Qb1
b4 16. Nd1 Qb6 17. Bf2 c4 18. Bf5 Kh8 19. e4 dxe4 20. fxe4 g6 21. Bxd7 Nxd7 22.
Ne3 Qd8 23. Rc1 Nf6 24. d5 Bc5 25. Nxc4 Bxf2+ 26. Rxf2 Re8 27. Ng3 Qe7 28. b3
Nxe4 29. Nxe4 Qxe4 30. Qb2+ Kg8 31. Nd6 Rxc1+ 32. Qxc1 Qe1+ 33. Qxe1 Rxe1+ 34.
Kh2 Bxd5 35. Rd2 Be6 36. Nb7 Rc1 37. Na5 Kg7 38. Rd4 Rc2 0-1